00793 2200313 4500001002100000005001500021035002000036007000300056008004100059020002200100082001000122084001600132100002700148245007100175260004300246300002800289650002500317700002100342990001300363990001300376990001100389990001300400990001100413990001100424990001100435990001100446990001100457990001100468INLIS00000000000209020180718091236 a0010-0718000042ta180718 g 0 ind  a978-602-394-019-6 a153.8 a153.8 MUK s0 aMUKHAMMAD, Faris Hazim1 a101 Alasan untuk Bahagia /cM.F Hazim; penyunting, Saptono Raharjo aJakarta :bBhuana Ilmu Komputer,c2015 axiv, 189 hlm. ;c15 cm. aMOTIVASI (PSIKOLOGI)0 aSAPTONO, Raharjo a*16480a* a*16480b* a16480b a*16480a* a16480a a16480b a16480a a16480b a16480b a16480a